00300nam a2200145Ia 4500003000900000008004100009040001300050040001300063245002600076245001100102250001200113260001500125300000800140490000600148IT-RoPAU120407s9999 xx 000 0 und d aIT-RoPAU cIT-RoPAU acatechismo e famiglia cAA.VV. aTorino  aElle Di Ci c cm v1